| 000 | 00652nam a2200205Ia 4500 | ||
|---|---|---|---|
| 003 | IN-BaIIA | ||
| 008 | 211028s9999 xx 000 0 eng d | ||
| 040 | _cIIA Library | ||
| 080 |
_a082.2:52 _bIAU-C25:1 |
||
| 100 |
_aDonn, B. _99417 |
||
| 245 | 4 |
_aThe study of comets _bpt. 1 _cB. Donn.. [et al.] |
|
| 260 |
_aWashington _bNational Aeronautics and Space Administration _c1976 |
||
| 300 | _a[various pagings.] | ||
| 650 | _aAstronomy and astrophysics thesaurus | ||
| 650 |
_aComets _9755 |
||
| 700 |
_aA'Hearn, M. _99418 |
||
| 700 |
_aJackson, W. _99419 |
||
| 700 |
_aMumma, M. _99420 |
||
| 942 | _cBK | ||
| 999 |
_c5414 _d5414 |
||